00870nam a2200181 a 450000100100000000500170001000800410002704000250006808200170009324500970011026000690020730000200027604900090029695201300030595201150043595201210055099900170067100002213520200930011610.0100917s1977 dr 001 0 spa d aDO-SdBNPbspacBNPHU axxxxxbD575d10aPor la dignidad y el decoro :bcifras y argumentos de la UASD en defensa de sus atributos /. aSanto Domingo :bUniversidad Autónoma de Santo Domingo,c1977. a17 P. ;c21 cm. aBNPD 001054708DSaGRbGRcHDd2015-04-29iLF1l0oxxxxx D575dp22135-30r2020-06-25te. 3w2020-06-25yLFDSZPréstamo en sala 0010718PDaPDbPDcHDd2010-09-17iLF1l0oxxxxx D575dp22135-10r2020-06-25w2020-06-25yLFPDZNo se presta 0010718PDaPDbPDcHDd2011-05-19iLF1l0oxxxxx D575dp22135-20r2020-06-25te. 2w2020-06-25yLFPDZNo se presta c21633d21633